000 01073nas a2200361 4500
001 BR0403747
003 BR-BrBNA
005 20231205104723.0
007 ta
008 230509b bl.|||p| |||| 00| 00por d
040 _aBR-BrBNA
_bpor
_cBiblioteca Nacional de Agricultura
041 _a(Pt)
072 _aL02; L51
100 1 _aSchoulten, N.A.
100 1 _aTeixeira, A.S.
100 1 _aFreitas, R.T.F. de
100 1 _aBertechini, A.G.
100 1 _aConte, A.J.
100 1 _aSilva, H.O.
245 1 _aNíveis de cálcio em rações de frangos de corte na fase inicial suplementadas com fitase
650 _aFRANGO DE CORTE
650 _aRAÇÃO BALANCEADA
650 _aCÁLCIO
650 _aDIGESTIBILIDADE
650 _aPERFORMANCE
650 _aVALOR NUTRITIVO
650 _aENZIMA
650 _aGANHO DE PESO
650 _aSUPLEMENTO ALIMENTAR
773 0 _tRevista Brasileira de Zootecnia (Brazil)
_xISSN 1516-3598
_g(Sep-Oct 2003), v. 32(5) p. 1190-1197
_wBR0403747
909 _a202311
_bLúcia
_c55
_dLúcia Elande
942 _2AGRIS
_n0
_cANA
999 _c179415
_d179415